<?xml version="1.0" encoding="UTF-8"?>
<record
    xmlns:xsi="http://www.w3.org/2001/XMLSchema-instance"
    xsi:schemaLocation="http://www.loc.gov/MARC21/slim http://www.loc.gov/standards/marcxml/schema/MARC21slim.xsd"
    xmlns="http://www.loc.gov/MARC21/slim">

  <leader>02114nam a22002417a 4500</leader>
  <controlfield tag="005">20240305165420.0</controlfield>
  <controlfield tag="007">cr||||   |||| </controlfield>
  <controlfield tag="008">140403s2014    pt |||||s|||| 00||0 por d</controlfield>
  <datafield tag="035" ind1=" " ind2=" ">
    <subfield code="a">11846</subfield>
  </datafield>
  <datafield tag="040" ind1=" " ind2=" ">
    <subfield code="a">vLex</subfield>
  </datafield>
  <datafield tag="090" ind1=" " ind2=" ">
    <subfield code="c">4751</subfield>
    <subfield code="d">4751</subfield>
  </datafield>
  <datafield tag="100" ind1="1" ind2=" ">
    <subfield code="a">Ourique, Arnaldo</subfield>
  </datafield>
  <datafield tag="245" ind1="1" ind2="0">
    <subfield code="a">Dicion&#xE1;rio das autonomias pol&#xED;ticas das regi&#xF5;es aut&#xF3;nomas portuguesas</subfield>
    <subfield code="h">[Recurso electr&#xF3;nico] /</subfield>
    <subfield code="c">Arnaldo Ourique</subfield>
  </datafield>
  <datafield tag="256" ind1=" " ind2=" ">
    <subfield code="a">Servicio en l&#xED;nea</subfield>
  </datafield>
  <datafield tag="260" ind1=" " ind2=" ">
    <subfield code="a">Barcelona:</subfield>
    <subfield code="b">Editorial vLex,</subfield>
    <subfield code="c">2014</subfield>
  </datafield>
  <datafield tag="300" ind1=" " ind2=" ">
    <subfield code="a">1 recurso electr&#xF3;nico</subfield>
  </datafield>
  <datafield tag="500" ind1=" " ind2=" ">
    <subfield code="a">La situaci&#xF3;n sociolaboral de los j&#xF3;venes espa&#xF1;oles: algunas notas. La Estrategia de Emprendimiento y Empleo Joven y la Ley 11/2013 en el contexto europeo. La reducci&#xF3;n y bonificaci&#xF3;n de cotizaciones como instrumento de fomento del emprendimiento y el autoempleo de los j&#xF3;venes. Nuevas reglas en la protecci&#xF3;n por desempleo para facilitar el emprendimiento. Las medidas tributarias como instrumento para fomentar la actividad econ&#xF3;mica empresarial: comentarios a las incluidas en la Ley 11/2013 de 26 de julio y consideraciones sobre el Real Decreto Ley 4/2013 de 22 de febrero. Incentivos a la contrataci&#xF3;n a tiempo parcial con vinculaci&#xF3;n formativa. Nuevos incentivos a la contrataci&#xF3;n indefinida y a la incorporaci&#xF3;n de j&#xF3;venes a entidades de econom&#xED;a social. El contrato de "primer empleo joven". Medidas en materia de intermediaci&#xF3;n laboral y trabajo temporal. Contrato de trabajo en pr&#xE1;cticas en la Ley 11/2013 y la Estrategia de Emprendimiento y Empleo Joven. Responsabilidad social empresarial y adhesi&#xF3;n a la Estrategia </subfield>
  </datafield>
  <datafield tag="506" ind1="1" ind2=" ">
    <subfield code="a">Disponible solo en los productos indicados</subfield>
    <subfield code="d">vLex Global</subfield>
    <subfield code="d">vLex Global (Academic Edition, excluding Law Schools)</subfield>
    <subfield code="d">vLex Global (U.S. Academic Edition, Law Schools)</subfield>
    <subfield code="d">vLex Global (U.S. Academic Edition, excluding Law Schools)</subfield>
    <subfield code="d">vLex Global (Academic Edition, Law Schools)</subfield>
  </datafield>
  <datafield tag="650" ind1="0" ind2="4">
    <subfield code="a">Derecho P&#xFA;blico y Administrativo</subfield>
    <subfield code="z">Portugal</subfield>
  </datafield>
  <datafield tag="740" ind1="0" ind2=" ">
    <subfield code="a">vLex Libros (Servicio en l&#xED;nea)</subfield>
  </datafield>
  <datafield tag="856" ind1="4" ind2="0">
    <subfield code="u">https://app.vlex.com/#/sources/dicionario-autonomias-politicas-regi-es-autonomas-portuguesas-11846</subfield>
  </datafield>
  <datafield tag="942" ind1=" " ind2=" ">
    <subfield code="c">RAA</subfield>
  </datafield>
  <datafield tag="952" ind1=" " ind2=" ">
    <subfield code="0">0</subfield>
    <subfield code="1">0</subfield>
    <subfield code="4">0</subfield>
    <subfield code="7">0</subfield>
    <subfield code="8">VLEX</subfield>
    <subfield code="9">321099</subfield>
    <subfield code="a">BD-UIN</subfield>
    <subfield code="b">BD-UIN</subfield>
    <subfield code="d">2024-03-05</subfield>
    <subfield code="l">0</subfield>
    <subfield code="p">11846</subfield>
    <subfield code="r">2024-03-05</subfield>
    <subfield code="w">2024-03-05</subfield>
    <subfield code="y">RAA</subfield>
  </datafield>
  <datafield tag="999" ind1=" " ind2=" ">
    <subfield code="c">163107</subfield>
    <subfield code="d">163107</subfield>
  </datafield>
</record>
